Music Quiz

Random Music or Album Quiz

Nirvana's Greatest Hits Quiz Stats

 Plays Quiz Updated Mar 4, 2019

Score 0/14 Timer 04:00
1 Play Today
% Correct
Smells Like Teen Spirit
97.6%
Lithium
74.6%
Heart-Shaped Box
73.1%
Come as You Are
72.1%
Rape Me
63.2%
In Bloom
55.5%
All Apologies
49.2%
% Correct
About a Girl
49%
The Man Who Sold the World
41.6%
Pennyroyal Tea
33.1%
Dumb
32.6%
You Know You're Right
32.4%
Sliver
29.7%
Been a Son
19.3%

You're not logged in!

Compare scores with friends on all Sporcle quizzes.
OR
Log In

Sporcle TV

Today on Sporcle TV


Watch our educational content, quiz creation guides, and fun videos on Sporcle TV.

Show Comments

Extras

Top Quizzes Today


Score Distribution

Your Account Isn't Verified!

In order to create a playlist on Sporcle, you need to verify the email address you used during registration. Go to your Sporcle Settings to finish the process.

Report this User

Report this user for behavior that violates our Community Guidelines.

Details: